000 00414nam a2200169Ia 4500
999 _c6991
_d6991
003 GBCCL
005 20241126110617.0
008 180705b ||||| |||| 00| 0 eng d
040 _cGBC
082 _a746.432
_bNOR
100 _aNorbury, James
_912437
245 4 _aThe Family Knitting Book
_cJames Norbury
260 _c1971.
_aLondon:
_bHamlyn,
300 _a239p.
650 _aKnitting
_99726
942 _2ddc
_cREF